000 01675nam2a22002651 4500
001 RU\NLR\IC100\5000001964
005 20250617043533.0
035 _a(NLR Aleph) 002452289
090 _a2174830
_c2174830
100 _a20051107d1971 |||y0rusy50 ca
101 0 _arus
102 _aRU
105 _ay ||||000|y
200 0 _aВып.90
210 _d1971
_aБ. м.
225 1 _a...
_vВып.90
_i...
_v[Вып.1]
461 0 _1001RU\NLR\INFOCOMM18\1000022688
_12001#$aМежвузовский сборник научных трудов$fКуйбышев. гос. пед. ин-т им. В.В. Куйбышева$vВып.90
_92398078
_aКуйбышевский государственный педагогический институт имени В.В. Куйбышева
_cКуйбышев
_d1938-
_fКуйбышев. гос. пед. ин-т им. В.В. Куйбышева
_tМежвузовский сборник научных трудов
_vВып.90
462 0 _1001RU\NLR\IC100\5000001953
_12001#$aИз истории Среднего Поволжья и Приуралья$fМ-во просв. РСФСР. Куйбышевский гос. пед. ин-т им. В.В.Куйбышева$v[Вып.1]
_92174820
_cКуйбышев
_d1971-
_fМ-во просв. РСФСР. Куйбышевский гос. пед. ин-т им. В.В.Куйбышева
_tМежвузовский сборник научных трудов. - Из истории Среднего Поволжья и Приуралья
_v[Вып.1]
801 1 _aRU
_bInfoComm
_c20051107
801 0 _aRU
_bNLR
_gPSBO
852 _aNLR
_jП28/413
942 _cISSUE
980 _aNB
980 _aRUSPER